|
|
|
|
| LEADER |
00000cam a2200000 a 4500 |
| 001 |
vtls009763019 |
| 003 |
SK-MaSNL |
| 005 |
20260301082524.0 |
| 008 |
210928s1981 gw a g 001 0 ger |
| 015 |
|
|
|a SNBA1981
|
| 035 |
|
|
|a (SVKBBclas03)vtls000136020
|
| 040 |
|
|
|a SNK
|b slo
|c SNK
|e AACR2
|
| 041 |
1 |
|
|a ger
|h slo
|
| 043 |
|
|
|a ec-----
|
| 044 |
|
|
|a gw
|c DE
|
| 080 |
|
|
|a 582:581.9(4-191)(084.4)
|2 1981
|
| 080 |
|
|
|a 552(4-191)(084.4)
|2 1981
|
| 100 |
1 |
|
|a Krejča, Jindřich,
|d 1920-1991
|4 aut
|9 86435
|
| 240 |
1 |
0 |
|a Z našej prírody
|l Nemecky
|
| 245 |
1 |
0 |
|a Unsere Natur
|b Pflanzenreich und Gesteine
|c mit 1785 farbigen Abbildungen von Jindřich Krejča ; Zusges. Ladislav Šomšák ; aus dem Slowakischen übersetzt von Irmtraud und Oskar Kasperl
|
| 260 |
|
|
|a Hanau
|b Werner Dausien
|c 1981
|
| 300 |
|
|
|a 392 s.
|b ilustr.
|c 4°
|
| 504 |
|
|
|a Reg.
|
| 650 |
0 |
7 |
|a rastliny
|2 SNKPH
|9 690
|
| 650 |
0 |
7 |
|a horniny
|2 SNKPH
|9 842
|
| 651 |
|
7 |
|a Európa stredná
|2 SNKPH
|9 23970
|
| 655 |
|
7 |
|a atlasy
|2 SNKPH
|9 70424
|
| 700 |
1 |
|
|a Šomšák, Ladislav,
|d 1932-2005
|9 125323
|
| 700 |
1 |
|
|a Kasperl, Oskar
|4 trl
|9 279921
|
| 700 |
1 |
|
|a Kasperl, Irmtraud
|4 trl
|9 407614
|
| 852 |
|
|
|a Štátna vedecká knižnica v Banskej Bystrici
|
| 958 |
|
|
|a OP
|
| 958 |
|
|
|a OND
|
| 968 |
|
|
|a Dt
|b SLO
|
| 999 |
|
|
|c 658721
|d 660651
|
| 952 |
|
|
|a SNK
|b SNK
|y PREZ
|7 0
|p 17A0991866
|o snkSB 32253
|i snkKSP 7239/81
|0 0
|1 0
|4 0
|d 2014-11-12
|l 0
|r 2025-04-04 00:00:00
|w 2026-02-23
|
| 952 |
|
|
|a SNK
|b SNK
|y VYP
|7 0
|p 17A0887436
|o snkSB 32253 D1
|i snkKSP 7240/81
|0 0
|1 0
|4 0
|d 2012-04-13
|l 0
|r 2026-02-23 18:45:39
|w 2026-02-23
|